Library Banner

Al Islami wasra ul hizarat/ (Record no. 93878)

MARC details
000 -LEADER
fixed length control field 00406nam a22001577a 4500
005 - DATE AND TIME OF LATEST TRANSACTION
control field 20170522143950.0
008 - FIXED-LENGTH DATA ELEMENTS--GENERAL INFORMATION
fixed length control field 170522b xxu||||| |||| 00| 0 eng d
040 ## - CATALOGING SOURCE
Transcribing agency PK-LaUMT
082 ## - DEWEY DECIMAL CLASSIFICATION NUMBER
Classification number ZIAC 297.01
Item number AHM-A
100 ## - MAIN ENTRY--PERSONAL NAME
Personal name Ahmad Qadeeri
245 ## - TITLE STATEMENT
Title Al Islami wasra ul hizarat/
Statement of responsibility, etc Ahmad Qadeeri
260 ## - PUBLICATION, DISTRIBUTION, ETC. (IMPRINT)
Place of publication, distribution, etc قطر:
Name of publisher, distributor, etc کتاب الامہ،
Date of publication, distribution, etc 1995
300 ## - PHYSICAL DESCRIPTION
Extent 145 ص
546 ## - LANGUAGE NOTE
Language note عربی
942 ## - ADDED ENTRY ELEMENTS (KOHA)
Koha item type Books
Holdings
Withdrawn status Lost status Damaged status Home library Current library Date acquired Full call number Barcode Date last seen Price effective from Koha item type
      UMT Main Campus UMT Main Campus 2017-05-22 ZIAC 297.01 AHM-A 109311 2017-05-22 2017-05-22 Books